banner-ar

الجزء والكل : محاورات فى مضمار الفيزياء الذرية / (Record no. 44283)

MARC details
000 -الفاتح
حقل البيانات ثابتة الطول 00695nam a2200205Ia 4500
008 - عناصر البيانات ثابتة الطول - معلومات عامة
حقل البيانات ثابتة الطول 140319s9999 xx 000 0 ara d
040 ## - مصدر الفهرسة
وكالة الفهرسة الأصلية GCL /
وكالة النسخ GCL
082 04 - رقم تصنيف ديوى العشرى
رقم التصنيف 530.4
رقم المادة هـ ج
100 1# - المدخل الرئيسى - إسم شخصى
الإسم الشخصى محمد اسعد عبدالرؤوف
245 10 - بيان العنوان
العنوان الجزء والكل : محاورات فى مضمار الفيزياء الذرية /
بيان المسئوليه,etc محمد اسعد عبدالرؤوف
700 1# - المدخل الاضافى - اسم شخصى
الإسم الشخصى هيزنبرج , فيرنر
700 1# - المدخل الاضافى - اسم شخصى
الإسم الشخصى على حلمى مرسى (مقدم)
300 ## - الوصف المادى
التعداد 296
490 ## - بيان السلسلة
عنوان السلسلة الالف كتاب الثانى
رقم المجلد/ التعيين التسلسلي 0
650 04 - المدخل الاضافى بالموضوع-مصطلح موضوعى
مصطلح موضوعي الفيزياء
650 04 - المدخل الاضافى بالموضوع-مصطلح موضوعى
مصطلح موضوعي الفيزياء الذرية
650 04 - المدخل الاضافى بالموضوع-مصطلح موضوعى
مصطلح موضوعي النشاط الاشعاعى
942 ## - عناصر المدخل الإضافي( كوها)
مصدر التصنيف او مخطط الترفيف Dewey Decimal Classification
Koha [default] item type كتاب
Holdings
حالة التراجع حالة الفقد حالة تلف ليس للاعارة المكان المؤقت الموقع الحالى تاريخ الاكتساب اجمالي اﻻعارات رقم الطلب الباركود تاريخ اخر مشاهدة تاريخ تفعيل السعر نوع وعاء كوها
        مكتبة القاهرة الكبرى مكتبة القاهرة الكبرى 03/26/2014   530.4\هـ ج 107927 03/26/2014 03/26/2014 كتاب
        مكتبة القاهرة الكبرى مكتبة القاهرة الكبرى 03/26/2014   530.4\هـ ج 107928 03/26/2014 03/26/2014 كتاب
        مكتبة القاهرة الكبرى مكتبة القاهرة الكبرى 03/26/2014   530.4\هـ ج 107929 03/26/2014 03/26/2014 كتاب

Powered By

EGPV